00414nam a22001457a 450000500170000000800410001702000180005804100090007608200170008510000170010224500790011926000290019830000190022765000220024620250325112132.0250325b |||||||| |||| 00| 0 eng d a9783110792041 aEng. a658.4012 BUR aBurt, George aEvolution of Scenario Planning: Theory and Practice from Disorder to Order aBostonbDe Gruyterc2023 a189;. P. 24 cm aBusiness Planning